000 00972cam a2200277 a 4500
008
020 _a9780415639286 (hbk.)
049 _aMAIN
090 _aHQ1240.5.A354
_bWOM
245 0 0 _aWomen, livestock ownership and markets :
_bbridging the gender gap in Eastern and Southern Africa /
_cedited by Jemimah Njuki and Pascal C. Sanginga.
260 _aLondon :
_bRoutledge,
_c2013.
300 _axx, 148 p. :
_bill. ;
_c24 cm.
500 _aIncludes index.
504 _aIncludes bibliographical references.
650 0 _aWomen in development
_zAfrica, Eastern.
650 0 _aWomen in development
_zAfrica, Southern.
650 0 _aAnimal industry
_zAfrica, Eastern.
650 0 _aAnimal industry
_zAfrica, Southern.
700 1 _aNjuki, Jemimah.
700 1 _aSanginga, P. C.
907 _a.b10373172
_b16-09-16
_c24-05-16
003
005 20230123122214.0
040 _cNUST
942 _cBOOKS
_kHQ1240.5.A354
_mWOM
999 _c129626
_d129626